01238 a2200169 45000010006000000050017000060080041000230030015000640400040000790800086001192450032002052640034002373000021002715050737002921000016010297000023010455458420260407155820.0260407a1959 arg spa dAR-UNSa-BCEJYS aAR-UNSa-BCEJYSbspacAR-UNSa-BCEJYS a321xFormas de la organización política. Los estados como poderes políticos10aSegundo tratado de gobierno 1aBuenos Aires :bÁgorac1959 a174 p.c20,5 cm. a1. Del estado de naturaleza – 2. Del estado de guerra – 3. De la esclavitud – 4. De la propiedad – 5. Del poder parental – 6. De la sociedad política o civil – 7. Del comienzo de las sociedades políticas – 8. De los fines de la sociedad política y del gobierno – 9. De las formas de una nación – 10. De la extensión del poder legislativo – 11. De los poderes legislativo, ejecutivo y federativo de la república – 12. De la subordinación de los poderes de la república – 13. De la prerrogativa – 14. De los poderes paternal, político y despótico considerados en conjunto – 15. De la conquista – 16. De la usurpación – 17. De la tiranía – 18. De la disolución del gobierno. 1 aLocke, John1 aCalichio, Mario H.